Catalog

Record Details

Catalog Search



The guest  Cover Image Book Book

The guest / B.A. Paris.

Paris, B. A., (author.).

Summary:

The bride – The plus one – The best man – The wedding planner – The bridesmaid – The body On an island off the coast of Ireland, guests gather to celebrate two people joining their lives together as one. The groom: handsome and charming, a rising television star. The bride: smart and ambitious, a magazine publisher. It’s a wedding for a magazine, or for a celebrity: the designer dress, the remote location, the luxe party favors, the boutique whiskey. The cell phone service may be spotty and the waves may be rough, but every detail has been expertly planned and will be expertly executed. But perfection is for plans, and people are all too human. As the champagne is popped and the festivities begin, resentments and petty jealousies begin to mingle with the reminiscences and well wishes. The groomsmen begin the drinking game from their school days. The bridesmaid not-so-accidentally ruins her dress. The bride’s oldest (male) friend gives an uncomfortably caring toast. And then someone turns up dead. Who didn’t wish the happy couple well? And perhaps more important, why?

Record details

  • ISBN: 9781250289421
  • ISBN: 1250289424
  • ISBN: 9781250322661
  • ISBN: 1250322669
  • Physical Description: 308 pages ; 24 cm
  • Edition: First U.S. edition.
  • Publisher: New York : St. Martin's Press, 2024.
Subject: Married people > Fiction.
Marital conflict > Fiction.
Secrecy > Fiction.
aCouples mariés > Romans, nouvelles, etc.
Conflits conjugaux > Romans, nouvelles, etc.
Genre: Domestic fiction.
Thrillers (Fiction)
Novels.

Available copies

  • 1 of 1 copy available at scottsboropl.

Holds

  • 0 current holds with 1 total copy.
Show Only Available Copies
Location Call Number / Copy Notes Barcode Shelving Location Status Due Date
scottsboropl F Par 32269001245987 Adult - Fiction Available -

LDR 02654cam a22005058i 4500
001162624
003SBPL
00520240214101757.0
008230821s2024 nyu 000 1 eng
010 . ‡a 2023036260
020 . ‡a9781250289421 ‡q(hardcover)
020 . ‡a1250289424 ‡q(hardcover)
020 . ‡a9781250322661 ‡q(export edition)
020 . ‡a1250322669 ‡q(export edition)
035 . ‡a(OCoLC)1394989880
05000. ‡aPR9105.9.P34 ‡bG84 2024
08200. ‡a823/.92 ‡223/eng/20230822
1001 . ‡aParis, B. A., ‡eauthor.
24514. ‡aThe guest / ‡cB.A. Paris.
250 . ‡aFirst U.S. edition.
263 . ‡a2402
264 1. ‡aNew York : ‡bSt. Martin's Press, ‡c2024.
300 . ‡a308 pages ; ‡c24 cm
336 . ‡atext ‡btxt ‡2rdacontent
337 . ‡aunmediated ‡bn ‡2rdamedia
338 . ‡avolume ‡bnc ‡2rdacarrier
520 . ‡aThe bride – The plus one – The best man – The wedding planner – The bridesmaid – The body On an island off the coast of Ireland, guests gather to celebrate two people joining their lives together as one. The groom: handsome and charming, a rising television star. The bride: smart and ambitious, a magazine publisher. It’s a wedding for a magazine, or for a celebrity: the designer dress, the remote location, the luxe party favors, the boutique whiskey. The cell phone service may be spotty and the waves may be rough, but every detail has been expertly planned and will be expertly executed. But perfection is for plans, and people are all too human. As the champagne is popped and the festivities begin, resentments and petty jealousies begin to mingle with the reminiscences and well wishes. The groomsmen begin the drinking game from their school days. The bridesmaid not-so-accidentally ruins her dress. The bride’s oldest (male) friend gives an uncomfortably caring toast. And then someone turns up dead. Who didn’t wish the happy couple well? And perhaps more important, why?
650 0. ‡aMarried people ‡vFiction.
650 0. ‡aMarital conflict ‡vFiction.
650 0. ‡aSecrecy ‡vFiction.
650 0. ‡aaCouples mariés ‡vRomans, nouvelles, etc.
650 0. ‡aConflits conjugaux ‡vRomans, nouvelles, etc.
655 7. ‡aDomestic fiction. ‡2lcgft
655 7. ‡aThrillers (Fiction) ‡2lcgft
655 7. ‡aNovels. ‡2lcgft
901 . ‡a162624 ‡bAUTOGEN ‡c162624 ‡tbiblio

Additional Resources